Pripravenosť slovenských malých a stredných podnikov na prijatie eura v odvetví obchodu

Dotazníkový prieskum na vzorke 80 malých a stredných podnikov v odvetví obchodu o prispravenosti slovenských podnikov na prijatie euromeny. Závery z výskumu.

Salvato in:
Dettagli Bibliografici
Autore principale: Izáková, Katarína
Altri autori: Nedelová, Gabriela
Natura: Capitolo di libro
Lingua:slovacco
Soggetti:
Tags: Aggiungi Tag
Nessun Tag, puoi essere il primo ad aggiungerne!!

MARC

LEADER 00000naa$a2200000$$$4500
001 0113473
005 20231116102625.8
041 0 |a slo 
044 |a SK 
245 1 0 |a Pripravenosť slovenských malých a stredných podnikov na prijatie eura v odvetví obchodu  |c Katarína Izáková, Gabriela Nedelová 
520 |a Dotazníkový prieskum na vzorke 80 malých a stredných podnikov v odvetví obchodu o prispravenosti slovenských podnikov na prijatie euromeny. Závery z výskumu. 
610 2 0 |a obchod 
610 2 0 |a Slovensko 
610 2 0 |a prieskum informačný 
610 2 0 |a dotazníky 
610 2 0 |a Európska menová únia 
610 2 0 |a podnik malý 
100 1 |a Izáková, Katarína 
700 1 |a Nedelová, Gabriela